000 00727cam a22002411 4500
999 _c7351
_d7351
001 9791943
003 GBCCL
005 20241126110625.0
008 761117s1954 paua 000 0 eng
010 _a 54007083
035 _a(OCoLC)2564209
040 _aDLC
_cO
_dPPLT
_dDLC
042 _apremarc
050 0 0 _aBS2407
_b.J6
082 _a225.95
_bJOH
100 1 _aJohnston, George,
_d1913-2004.
_913004
245 1 4 _aThe secrets of the kingdom.
_cIllus. by Charles E. Hewins.
260 _aPhiladelphia,
_bWestminster Press
_c[1954]
300 _a222 p.
_billus.
_c22 cm.
630 0 0 _aBible.
_pNew Testament
_xHistory of Biblical events.
_92473
906 _a7
_bcbc
_coclcrpl
_du
_encip
_f19
_gy-gencatlg
942 _2ddc
_cBK
_02